Verejná správa a jej úloha pri rozvoji malého a stredného podnikania

Popis úlohy územnej samosprávy v rozvoji MSP v podmienkach SR. Analýza sa zameriava zvlášť na vplyv VÚC, popis ich kompetencií a podporných funkcií pri MSP a zvlášť na obce ako reprezentantov miestnej samosprávy.

Saved in:
Bibliographic Details
Main Author: Gecíková, Ivana
Format: Book Chapter
Language:Slovak
Subjects:
Tags: Add Tag
No Tags, Be the first to tag this record!

MARC

LEADER 00000naa a2200000 4500
001 0148193
005 20231018092514.4
041 0 |a slo 
044 |a SK 
245 1 0 |a Verejná správa a jej úloha pri rozvoji malého a stredného podnikania  |c Ivana Gecíková 
520 |a Popis úlohy územnej samosprávy v rozvoji MSP v podmienkach SR. Analýza sa zameriava zvlášť na vplyv VÚC, popis ich kompetencií a podporných funkcií pri MSP a zvlášť na obce ako reprezentantov miestnej samosprávy. 
610 2 0 |a podnik malý 
610 2 0 |a podnik stredný 
610 2 0 |a podpora podnikania 
610 2 0 |a samospráva 
610 2 0 |a samospráva miestna 
610 2 0 |a Slovensko 
100 1 |a Gecíková, Ivana